[Event "Nations Cup Online Prelim"]
[Site "Chess.com INT"]
[Date "2020.05.06"]
[Round "3.2"]
[White "Aronian, Levon"]
[Black "Vidit, Santosh Gujrathi"]
[Result "1-0"]
[WhiteElo "2773"]
[BlackElo "2726"]
[Annotator "Edouard,R"]
[PlyCount "111"]
[EventDate "2020.05.05"]
[EventType "team-tourn"]
[EventRounds "10"]
[EventCountry "USA"]
[SourceTitle "CBM 196"]
[Source "ChessBase"]
[SourceDate "2020.06.30"]
[SourceVersion "1"]
[SourceVersionDate "2020.06.30"]
[SourceQuality "1"]
[WhiteTeam "Europe"]
[BlackTeam "India"]
[BlackTeamCountry "IND"]

{[%evp 0,111,19,29,23,12,37,14,-4,4,9,5,-21,-26,-4,-67,-22,-41,-28,-2,-12,-35,
-30,-1,36,-37,-25,-40,-26,-13,13,-18,-18,-18,-18,-15,-30,-19,-35,-47,-37,-62,4,
-16,-7,-20,-20,12,-14,-49,-5,-47,-5,6,14,-36,-57,-97,-23,-23,40,45,43,21,45,-8,
86,0,-1,2,22,0,0,0,1,-17,-15,0,0,0,0,0,27,21,12,39,40,42,42,16,42,43,43,0,43,
35,33,540,839,934,1022,1032,1075,1092,1105,1122,1157,1281,1283,1330,1330,1300,
1894,1894]} 1. Nf3 d5 2. e3 c5 3. c4 d4 4. exd4 cxd4 5. Bd3 $5 {A reversed
Schmid-Benoni! To be honest, I had never seen it.} Nc6 6. O-O Nf6 (6... g6 {
went very well for Black in another game:} 7. Re1 Bg7 8. a3 a5 9. Bc2 (9. Qe2
$5 {and then Bc2 might be the right solution}) 9... d3 $1 10. Ba4 Nh6 $1 11.
Nc3 O-O $15 {0-1 (39) Agayev,N (2350)-Stupak,K (2586) Baku AZE 2017}) 7. Bc2
Bg4 8. Ba4 Nd7 {The most solid move.} (8... e5 9. h3 (9. d3 Bd6 $132) 9... Bxf3
10. Qxf3 e4 11. Qb3 Rb8 12. d3 $36) 9. h3 Bh5 10. d3 e5 11. Re1 Be7 12. Nbd2 (
12. g4 Bg6 13. Nxe5 Ndxe5 14. Rxe5 O-O {would give Black full compensation for
the pawn.}) 12... O-O 13. Ne4 Qc7 14. a3 a5 15. Ng3 Bg6 16. Bxc6 bxc6 17. Nxd4
exd4 18. Rxe7 Qd6 19. Re2 Nc5 {Here as well Black has more than enough
compensation!} 20. Ne4 (20. Rd2 $6 a4 $17) (20. a4 $1 {in order to play Ra3,
or answer Nxd3 or Bxd3 with Rd2, was perhaps what White had to do.}) 20... Nxe4
(20... Bxe4 $5 21. dxe4 Rfe8 22. f3 a4 $15) 21. dxe4 Rfe8 22. f3 a4 23. c5 Qxc5
24. Bf4 Qb6 25. Rc1 c5 (25... f5 $5 26. e5 d3+ 27. Rf2 Qd4 28. Qd2 c5 $15) 26.
Rc4 f6 27. Qc1 $2 ({Some timid move like} 27. Rd2 {was better. The a4-pawn is
hanging, by the way...}) 27... Ra5 $1 28. Rec2 f5 $2 (28... Bf7 $1 29. Rxc5 d3
30. Bc7 $8 (30. R2c3 Rxc5 31. Rxc5 Rc8 32. Be3 Rxc5 33. Bxc5 d2 $1 $19) 30...
Rxc5 31. Bxb6 Rxc2 {would surely have brought Black the full point.}) 29. Rxc5
Rxc5 30. Rxc5 fxe4 31. fxe4 d3 32. Be3 Qe6 33. Rc7 Qxe4 34. Bd2 {Suddenly,
it's unclear who is playing for a win!} h6 35. Qc5 Bf7 36. Bc3 Qg6 37. Re7 Rxe7
38. Qxe7 Kh7 39. Qe5 Be8 40. Kf2 {Unbelievably enough, Black never took a
decision to swap queens. True, it was hard to see Levon's winning idea coming.}
Bf7 ({But} 40... Qf6+ {was an easy draw:} 41. Qxf6 gxf6 42. Bxf6 Bf7 (42... Bc6
$5 43. g4 Kg6 44. Bc3 h5 $11) 43. Ke3 (43. b4 axb3 44. a4 Kg6 45. Bc3 Bd5 $11)
43... Bb3 44. Kxd3 Kg6 $11) 41. g4 Bb3 42. Ke3 Bc2 $2 (42... Qg5+ $11) 43. Kd2
Bb3 ({It's now too late for} 43... Qg5+ $4 44. Qxg5 hxg5 {because of} 45. b4 $3
axb3 46. Bb2 {and White wins!}) 44. Ke3 Bc2 (44... Qg5+ $1 $11) 45. Kd2 Bb3 46.
Qe7 Bc2 $4 47. b4 $3 {Finally Levon has got what he wanted, and it's a
masterpiece! He's going to queen one of his queenside pawns, as Black is
totally paralysed on the kingside, while his bishop is stuck on c2!} axb3 (
47... h5 $5 48. g5 Bb3 49. b5 Bf7 50. b6 Qf5 51. Qe5 $18) 48. Bb2 h5 49. g5 h4
50. a4 Kg8 51. a5 Kh7 52. a6 Bd1 53. Kxd1 d2 54. Qxg7+ Qxg7 55. Bxg7 Kxg7 56.
Kxd2 {A tough one for Vidit!} 1-0

[Event "World op 43rd"]
[Site "Arlington"]
[Date "2015.07.05"]
[Round "9"]
[White "Ramirez Alvarez, Alejandro"]
[Black "Edouard, Romain"]
[Result "0-1"]
[WhiteElo "2587"]
[BlackElo "2639"]
[Annotator "Edouard,R"]
[PlyCount "52"]
[EventDate "2015.07.01"]
[EventType "swiss"]
[EventRounds "9"]
[EventCountry "USA"]
[SourceTitle "CBM 167"]
[Source "ChessBase"]
[SourceDate "2015.07.13"]
[SourceVersion "1"]
[SourceVersionDate "2015.07.13"]
[SourceQuality "1"]

1. Nf3 d5 2. c4 d4 3. b4 f6 4. e3 e5 5. c5 a5 6. Qa4+ $5 {A very recent idea.}
Bd7 (6... Nc6 $5 7. b5 Nb4 8. a3 Nd5 9. exd4 exd4 10. Qxd4 Qe7+ 11. Be2 Qxc5
12. O-O Qxd4 13. Nxd4 Bc5 {was also fine for Black in the game: 0-1 (40)
Demuth,A (2515)-So,W (2778) Montpellier FRA 2015}) 7. b5 Bxc5 8. Bc4 (8. Ba3 $6
Qe7 9. Bxc5 Qxc5 10. exd4 Qc1+ 11. Qd1 Qxd1+ 12. Kxd1 e4 $132 {1/2-1/2 (34)
Stella,A (2427)-Novikov,S (2550) Budapest HUN 2015}) 8... Ne7 9. exd4 exd4 10.
Bb2 $6 $146 ({Critical is} 10. Ba3 Na6 $5 11. O-O Nb4 12. d3 Bf5 (12... c6 13.
Nbd2 Qb6 $6 (13... b6 $5) 14. bxc6 Qxc6 (14... Bxc6 $5 15. Qb3 O-O-O $13) 15.
Qb3 $40 {1-0 (33) Bukavshin,I (2539)-Shukh,N (2421) RUS 2013}) 13. Re1 $5 $146
(13. Rc1 b6 14. Qb3 Qd6 15. Nbd2 O-O-O $36 {1/2-1/2 (60) Demuth,A (2476)-Duda,
J (2587) Ruzomberok SVK 2014}) 13... Bxd3 (13... b6 14. Qb3 $40) 14. Bxd3 Nxd3
15. Bxc5 Nxc5 16. Qc4 Qd6 17. Nbd2 O-O-O 18. Rac1 b6 19. Ne4 Nxe4 20. Rxe4 Nd5
(20... Rd7 $5 21. Rxd4 Qc5 $11) 21. Rxd4 Qc5 $11) 10... Bg4 11. Nxd4 Qd6 (11...
Nd7 $1 {was good, but I was worried after} 12. Ne6 Bxe6 13. Bxe6 {the trick}
Bxf2+ $1 {would not work. However it seems to:} 14. Kxf2 Nc5 15. Qg4 Nd3+ 16.
Kg1 Nxb2 17. Qxg7 $6 Qd4+ 18. Kf1 Rf8 $17) 12. Ne2 (12. O-O {would have led
the funny lines like those:} Nd7 13. Nb3 Bb4 14. Bd4 Nf5 15. Re1+ Kd8 {
(definitely a computer move...)} (15... Kf8 16. Re6 Qxd4 17. Nxd4 Nxd4 18. Re4
Nc5 19. Rxg4 Nxa4 20. Rxd4 Nb6 $36) 16. Re6 Qf4 17. g3 Qf3 18. Nc3 Bh3 19. Bd5
Nxd4 20. Nxd4 (20. Bxf3 Nxf3+ 21. Kh1 Bxe6 $19) 20... Qd3 $17) 12... Nd7 13.
Nbc3 (13. Bf7+ Kxf7 14. Qxg4 Qd3 {just seemed winning to me, but I had missed
the nice trick} 15. O-O h5 16. Qe6+ {although Black remains better} Kxe6 17.
Nf4+ Kf7 18. Nxd3 Rad8 $15) (13. O-O O-O-O $1 {with the idea} (13... Nb6 {
The natural} 14. Bf7+ Kxf7 15. Qxg4 {would be quite unclear as the black
knight is not so well played on b6.}) 14. Qxa5 Nb6 {looks very good for Black.}
) 13... Bf5 14. Qb3 (14. d4 Bb4 15. a3 Nb6 16. Qb3 Bxc3+ 17. Qxc3 Ned5 $15)
14... Ne5 15. Na4 $2 (15. d4 Nxc4 (15... Bxd4 16. O-O-O a4 $1 17. Nxa4 Bxb2+
18. Kxb2 Nxc4+ 19. Qxc4 Be6 $15) (15... O-O-O $5 {is suggested by the engine.})
16. Qxc4 Bb6 $15) 15... Bd3 $1 (15... Bb4 $17) 16. Be6 (16. Bxe5 Qxe5 17. O-O
Bxf2+ $1 $19) 16... Bb4 17. Nd4 c5 $1 18. a3 (18. bxc6 N7xc6 19. Nf5 Bxd2+ $19)
18... cxd4 19. axb4 Bxb5 20. Nc5 b6 21. f4 bxc5 22. fxe5 Qxe5+ 23. Kd1 Qe2+ (
23... Be2+ 24. Kc2 (24. Kc1 cxb4 $19) 24... Nc6 {was the cleanest way.}) 24.
Kc1 cxb4 25. Bxd4 Ra6 26. Be3 $6 (26. Bf7+ $8 Kf8 27. Bd5 $8 Nxd5 28. Qxd5 Qc4+
29. Qxc4 Bxc4 $19) 26... a4 0-1

[Event "EU-chT (Men) 21st"]
[Site "Heraklion"]
[Date "2017.11.03"]
[Round "6.1"]
[White "Eljanov, Pavel"]
[Black "Edouard, Romain"]
[Result "1-0"]
[WhiteElo "2720"]
[BlackElo "2607"]
[Annotator "Edouard,R"]
[PlyCount "103"]
[EventDate "2017.10.28"]
[EventType "team-swiss"]
[EventRounds "9"]
[EventCountry "GRE"]
[SourceTitle "CBM 182"]
[Source "ChessBase"]
[SourceDate "2018.01.17"]
[SourceVersion "1"]
[SourceVersionDate "2018.01.17"]
[SourceQuality "1"]
[WhiteTeam "Ukraine"]
[BlackTeam "France"]
[WhiteTeamCountry "UKR"]
[BlackTeamCountry "FRA"]

1. Nf3 d5 2. c4 d4 3. b4 Bg4 4. Qb3 c6 $5 {A solid move, aiming to be able to
answer Bb2 by ...Bxf3 and ...e5 (when b7 won't be hanging).} 5. Ne5 $1 (5. e3
$6 Bxf3 6. gxf3 g6 7. Bb2 Bg7 8. Na3 Nh6 9. Nc2 e5 10. f4 exf4 11. Bxd4 Bxd4
12. Nxd4 O-O $132 {1/2-1/2 (44) Demuth,A (2538)-Rodshtein,M (2699) Antalya TUR
2017}) 5... Bf5 6. Bb2 $2 (6. e3 $1 $146 {is the only way to create problems:}
e6 ({White aims for} 6... f6 $6 7. Nf3 e5 8. c5 $1 {and Black's position is
not fun to handle, as Adrien Demuth points out in his brand new book on the
Reti.}) 7. Bb2 dxe3 8. dxe3 a5 9. a3 axb4 (9... Nd7 10. Nd2 $36) (9... Nf6 10.
Nd2 $36) 10. Bd3 $1 $36) 6... f6 7. Nf3 e5 8. e3 c5 $1 {The logical reaction.}
9. bxc5 Nc6 $1 {The b7-pawn is untouchable.} 10. exd4 (10. Qxb7 $2 Nge7 $17)
10... exd4 11. Bd3 Qe7+ 12. Kd1 Bxd3 13. Qxd3 O-O-O {Black's position is
already excellent.} 14. Na3 Qd7 15. Nc2 Nh6 (15... Bxc5 {was just slightly
better for Black - but I somehow wanted more.}) 16. h3 Nf7 17. Ba3 g5 (17...
Nfe5 $5 18. Nxe5 Nxe5 19. Qb3 Qc6 $132) 18. Rb1 h5 19. Qb3 Bh6 $5 20. Nb4 ({
Opening the d-file with} 20. Nfxd4 {looks very dangerous:} Nfe5 $44) 20... g4
21. Ne1 Nxb4 22. Bxb4 Ne5 23. Nd3 Qc6 24. Kc2 Qxg2 25. hxg4 hxg4 26. Ba5 Rde8
27. Rhg1 Qc6 28. Qb5 $2 (28. Nxe5 Rxe5 29. Qb5 {would be about equal. Now
Black has an extra option to play} d3+ {but White can just move his king:} 30.
Kc3 $132) 28... a6 $2 {A very weird move: thinking I had an extra pawn!!} (
28... Qe4 29. Rb3 Nxd3 30. Rxd3 Re5 $1 $19) 29. Qxc6+ Nxc6 30. Bb6 Re2 $2 {
After this horrific move I managed to become worse.} (30... f5 $11) 31. Rbd1 f5
32. Rh1 Bg7 33. Rxh8+ Bxh8 34. Rh1 Re8 35. Rh7 Rf8 36. Nf4 $2 (36. Bc7 $1 {
was winning.}) 36... Be5 37. Ng6 Rg8 $2 (37... Re8 38. Rf7 Re6 {is close to a
draw.}) 38. Nxe5 Nxe5 39. Bc7 $2 (39. Rc7+ $1 Kb8 40. Re7 Nxc4 41. Bc7+ $16)
39... Nd7 $4 (39... Re8 $11) 40. Bd6 Kd8 41. Rh5 Nf8 42. Rxf5 Ne6 43. Rf7 Rg7
44. Rxg7 Nxg7 45. Kd3 Ne6 46. Ke4 Kd7 47. d3 Kc6 (47... b6 48. Kd5 $18) 48. Kf5
Kd7 49. Kxg4 b6 50. Kf5 Nd8 51. Ke4 Kc6 52. Be7 1-0

[Event "Tata Steel-B 82nd"]
[Site "Wijk aan Zee"]
[Date "2020.01.21"]
[Round "9"]
[White "Grandelius, Nils"]
[Black "Anton Guijarro, David"]
[Result "0-1"]
[WhiteElo "2673"]
[BlackElo "2694"]
[Annotator "Edouard,R"]
[PlyCount "64"]
[EventDate "2020.01.11"]
[EventType "tourn"]
[EventRounds "13"]
[EventCountry "NED"]
[EventCategory "15"]
[SourceTitle "CBM 194"]
[Source "ChessBase"]
[SourceDate "2020.01.27"]
[SourceVersion "1"]
[SourceVersionDate "2020.01.27"]
[SourceQuality "1"]

1. Nf3 d5 2. g3 g6 3. c4 dxc4 4. Na3 Bg7 5. Nxc4 Nc6 6. d3 e5 {This line is
just known as good for Black. Recently, White has tried ideas based on Bd2
followed by Bc3, b4 or h4 to disturb Black's position, before he can complete
his development. However, Black's position is just healthy.} 7. Bd2 (7. Be3
Nge7 8. Bg2 O-O 9. h4 $5 (9. O-O Nd5 10. Bg5 f6 11. Bd2 Be6 12. Rc1 Qd7 $15 {
½-½ (48) Andriasian,Z (2600)-Pashikian,A (2604) Yerevan 2015}) 9... Nf5 $5 ({
There would be nothing wrong with the most natural move} 9... h6 $5) 10. Bc5
Re8 11. h5 Be6 (11... Nfd4 $5) 12. Rc1 g5 13. e3 h6 14. Qe2 Qd7 15. O-O Rad8
16. Rfd1 b6 17. Ba3 b5 $1 {Now we are entering a crazy mess.} 18. Ncd2 b4 19.
Nxg5 Ncd4 20. exd4 Nxd4 21. Qe3 bxa3 $2 (21... Bg4 $1) 22. Nxe6 axb2 23. Nxd8
bxc1=Q 24. Rxc1 Rxd8 25. Nf3 $14 {1-0 (38) Vachier Lagrave,M (2798)-Svidler,P 
(2759) Biel 2016}) (7. Bg2 Nge7 8. O-O O-O {Here White has two main moves,
both with the idea to play b4, but I do not think either of them creates any
problem for Black.} 9. Bd2 (9. Rb1 Be6 $5 (9... a5 10. b3 Be6 11. Bb2 f6 12. a3
Qd7 $13 {0-1 (33) Hillarp Persson,T (2546)-Nabaty,T (2670) Stockholm 2018}) 10.
b4 b5 11. Na3 Bxa2 12. Rb2 Be6 (12... e4 $1 $15) 13. Nxb5 Rb8 14. Qa4 a6 $6 (
14... e4 $1 15. dxe4 a6 $1 16. Na3 Bxb2 17. Bxb2 Rxb4 18. Qc2 $44) 15. Nc3 Bd7
16. Qa3 $14 {1-0 (49) Svidler,P (2745)-Gelfand,B (2743) Moscow 2016}) 9... Be6
(9... Nd5 10. Rc1 h6 11. a3 Be6 12. b4 a6 13. e4 Nb6 14. Na5 $16 {1-0 (61)
Carlsen,M (2853)-Nakamura,H (2787) chess.com 2016}) (9... a5 10. Rc1 f6 11. a3
a4 12. b4 axb3 13. Qxb3 Kh8 $13 {½-½ (98) Tomashevsky,E (2716)-Cheparinov,I 
(2689) Doha 2016}) 10. Rc1 a5 11. Bc3 (11. b3 f6 $5 12. Qc2 Qd7 13. Rfd1 Rfd8
14. Bc3 Nd5 {When Black reaches this perfect setup he's always fine.} 15. Bb2
Bh6 $1 16. e3 a4 $1 $17 {0-1 (23) Gledura,B (2589)-Nakamura,H (2785) Gibraltar
2017}) 11... f6 12. b3 Qd7 13. Qc2 (13. Nfd2 Rfd8 14. Ne4 b6 15. Bb2 Nd5 $13 {
1-0 (40) Anand,V (2760)-Vachier Lagrave,M (2789) Stavanger 2018}) 13... Bh3 14.
Rfd1 Bxg2 15. Kxg2 Nd5 16. Bb2 Rfe8 (16... Bh6 $5 $13) 17. a3 Ra6 18. Ncd2 Nd8
19. e4 Rc6 20. Qb1 Nb6 21. d4 $14 {1-0 (54) Shimanov,A (2587)-Xu,X (2582)
Moscow 2019}) 7... a5 $5 {There's nothing wrong with the main move 7...Nge7,
nor with Harikhrishna's idea 7...Nf6!?.} (7... Nge7 8. b4 (8. h4 h6 9. Bc3 f6
10. Ne3 Be6 11. h5 g5 12. g4 Qd7 13. Nd2 Nd5 14. Nxd5 Bxd5 15. Ne4 O-O-O 16.
Qa4 Kb8 $15 {0-1 (72) Grischuk,A (2771)-Nepomniachtchi,I (2763) St Petersburg
2018}) 8... Be6 (8... O-O 9. Bg2 a6 10. a4 Be6 11. Rc1 b5 12. Na3 {0-1 (37)
Pantsulaia,L (2597)-Petrov,N (2593) St Petersburg 2018} Bd5 $1 $13) 9. Rc1 Nd4
10. Bg2 Bd5 11. e4 Nxf3+ 12. Qxf3 Be6 13. O-O Nc6 $36 {0-1 (47) Oparin,G (2602)
-Mamedyarov,S (2799) Moscow 2017}) (7... Nf6 $5 {Really fun idea! Now neither
8.b4 or 8.h4 can be threatening as Black is treatening a powerful ...e4.} 8.
Bc3 (8. Ncxe5 Nxe5 9. Nxe5 O-O 10. Bg2 Re8 $44) 8... Nd5 9. Bxe5 Nxe5 10. Ncxe5
O-O 11. Bg2 Qe7 12. d4 c5 $44 {½-½ (58) Almasi,Z (2682)-Harikrishna,P (2729)
Hungary 2019}) 8. Bg2 Nge7 9. Bc3 (9. h4 $5 {looks like the most threatening,
but Black is probably doing OK.} h6 10. Bc3 (10. Qc1 Be6 11. O-O Qd7 12. Re1 f6
13. Be3 Nd5 14. Nfd2 Nce7 $6 (14... g5 $1 {would just be good for Black.}) 15.
Bc5 b6 $2 16. Bxe7 Kxe7 (16... Qxe7 $2 17. Nxe5 $18) 17. d4 $1 $16 {1-0 (23)
Almasi,Z (2682)-Rodshtein,M (2682) Hungary 2018}) 10... f6 11. b3 ({It is
never clear whom the inclusion of} 11. h5 g5 {helps, but optically it looks
like it helps Black.}) 11... O-O 12. O-O Be6 13. Qc2 Nd5 14. Bb2 Ncb4 (14...
Qd7 $5 15. a3 Qf7 $13) 15. Qb1 c5 16. a3 Nc6 17. e3 g5 (17... Rf7 $5 18. d4 b5
19. Ncd2 exd4 20. exd4 Bf5 $132) 18. hxg5 hxg5 19. d4 cxd4 20. exd4 b5 $13 {
0-1 (53) Markos,J (2559)-Hammer,J (2632) Hersonissos 2017}) 9... f6 10. b3 O-O
11. O-O Be6 12. e4 $6 (12. Bb2 Qd7 13. Re1 Rfd8 14. Qc2 Nb4 (14... a4 $5) 15.
Qc1 Nbc6 16. Rd1 $6 a4 $15 {½-½ (59) Petrosian,T (2601)-Wen Yang (2594)
chess.com 2020}) 12... b5 13. Ne3 Nd4 {By mixing several plans White just got
clearly worse.} 14. b4 Qd7 15. Qd2 Rfc8 $5 (15... Bh6 $5) 16. Bxd4 (16. bxa5 c5
$17) 16... exd4 17. Nc2 axb4 18. Ncxd4 (18. Nfxd4 Bf7 $17) 18... Bf7 19. Nb3 $2
({White had to go for} 19. Qxb4 c5 20. Qxb5 {although Black is better:} Qd6 21.
Nb3 c4 22. dxc4 Bxc4 23. Qb7 Bxf1 24. Bxf1 Rab8 $15) 19... c5 {Now Black's
pawns are just too strong.} 20. d4 c4 21. Nc5 Qd6 22. Bh3 Rxc5 $5 23. dxc5 Qxd2
24. Nxd2 f5 25. Rab1 (25. Rad1 Rxa2 26. exf5 c3 {should also be an easy win.})
25... Bc3 26. Nf3 Rxa2 27. Rfd1 b3 28. exf5 Bf6 29. Rd6 b2 $5 (29... Kg7 $19)
30. Bf1 (30. Rxf6 Ra1 $19) 30... Ra1 31. Rdd1 Rxb1 32. Rxb1 Bd5 {A smooth
victory by Anton!} 0-1

[Event "FRA-chT Top 12"]
[Site "Montpellier"]
[Date "2015.05.31"]
[Round "2.5"]
[White "Hamitevici, Vladimir"]
[Black "Edouard, Romain"]
[Result "0-1"]
[WhiteElo "2429"]
[BlackElo "2627"]
[Annotator "Edouard,R"]
[PlyCount "82"]
[EventDate "2015.05.30"]
[EventType "team-tourn"]
[EventRounds "11"]
[EventCountry "FRA"]
[SourceTitle "CBM 167"]
[Source "ChessBase"]
[SourceDate "2015.07.13"]
[SourceVersion "1"]
[SourceVersionDate "2015.07.13"]
[SourceQuality "1"]
[WhiteTeam "Vandoeuvre"]
[BlackTeam "Bischwiller"]
[WhiteTeamCountry "FRA"]
[BlackTeamCountry "FRA"]

1. Nf3 d5 2. c4 d4 3. g3 Nc6 4. Bg2 e5 5. d3 Nf6 6. O-O a5 7. e3 (7. Na3 Bc5 8.
Nc2 O-O 9. a3 Re8 10. Bg5 h6 11. Bxf6 Qxf6 {was more than fine for Black in
several games.}) 7... Bc5 $5 {A rare move.} 8. exd4 Bxd4 9. Nxd4 Nxd4 10. Re1 (
10. h3 O-O 11. f4 exf4 (11... Ra6 $5 {with the idea} 12. fxe5 Nd7 {is also
possible.}) 12. Bxf4 Ra6 $1 13. Nc3 Re6 14. Rf2 c6 {is excellent for Black.}) (
10. f4 $6 {fails to} Bg4 $1 11. Qe1 (11. Qa4+ c6 12. fxe5 Nd7 $15) 11... Ne2+
12. Kh1 exf4 13. Nc3 (13. Bxf4 O-O $15) 13... O-O 14. Nxe2 Re8 15. Rf3 $8 Bxf3
16. Bxf3 Qxd3 17. Qc3 Qd1+ 18. Ng1 Qf1 19. Bg2 Qe1 $15) 10... O-O $1 11. Nc3 (
11. Rxe5 $2 Bg4 12. f3 $6 {loses to} Nxf3+ 13. Bxf3 Qd4+ 14. Re3 Rae8 15. Qe2
Bxf3 16. Qxf3 Ng4 $19) 11... Re8 12. h3 $146 (12. Ne4 Nxe4 13. Bxe4 c6 $36 {
1/2-1/2 (41) Zimina,O (2351)-Mirzoeva,E (2241) Plovdiv BUL 2014}) ({The
equalising} 12. Bg5 {might be best:} h6 13. Bxf6 Qxf6 14. Nb5 Qd8 15. Nxd4 Qxd4
16. Qb3 $11) 12... c6 13. f4 (13. g4 $5 Nd7 14. Ne2 Nxe2+ 15. Qxe2 Nf8 $13)
13... exf4 14. Rxe8+ Qxe8 (14... Nxe8 15. Bxf4 Bf5 {is also possible, but I
thought White is very solid if he can put a piece on e4.}) 15. Bxf4 Bf5 16. g4
Bg6 17. Qd2 Rd8 18. Bc7 (18. Re1 $5 Ne6 19. d4 $1 Rxd4 20. Qxd4 Nxd4 21. Rxe8+
Nxe8 22. Be3 $11) 18... Rd7 19. Bxa5 $2 ({Both my opponent and I missed} 19.
Bb6 $1 {with unclear play:} Bxd3 $5 (19... Qe7 20. Qf2 Ne6 21. d4 Qb4 22. d5
Nf4 23. Qxf4 Qxb6+ 24. Qf2 Qc7 25. g5 Nh5 26. Re1 f6 $13) (19... Ne6 20. d4
Nxd4 $6 21. Bxd4 c5 22. Re1 Qf8 23. Nd5 cxd4 24. Qxd4 $14) 20. Qxd3 Nb3 21. Qb1
Nxa1 22. Qxa1 Qe5 23. Qc1 h5 24. g5 Nh7 25. Ne4 Nf8 $44) 19... Qa8 $1 20. Na4 (
20. b4 Ne6 21. Bf1 h5 22. g5 Nh7 $40) (20. g5 Qxa5 21. gxf6 Ne6 $17) (20. Bb6
$2 Nb3 $19) 20... Ne2+ $1 (20... Ne6 21. Nb6 Qa7 22. Bf1 h5 23. gxh5 Nxh5 24.
Re1 $13) (20... Nf3+ $2 21. Bxf3 Rxd3 22. Nb6 Qa7 {fails to} 23. Qf4 $1 $16 {
[%csl Rb8]}) 21. Qxe2 Qxa5 22. b3 (22. Nc3 Bxd3 $19) (22. Re1 h5 $17) 22...
Rxd3 $1 23. Rd1 Rxd1+ 24. Qxd1 h5 25. gxh5 $6 (25. Bf3 hxg4 26. hxg4 Qg5 $17)
25... Nxh5 26. c5 (26. Qc1 Qe5 $19) 26... Nf4 (26... Qb4 $5) 27. a3 (27. Kh2
Ne6 $19) 27... Bh5 28. Bf3 (28. Qf1 $2 Ne2+ 29. Kh2 Qc7+ $19) 28... Nxh3+ (
28... Bxf3 $5 29. Qxf3 Qe1+ 30. Kh2 g5 $19) 29. Kh2 Bxf3 30. Qxf3 Ng5 31. Qf4
Qd2+ $1 {White is losing a second pawn.} 32. Qxd2 Nf3+ 33. Kg3 Nxd2 34. b4 Nc4
35. Kf4 Nxa3 36. Nc3 Kf8 37. Ne4 Nc4 38. Nc3 Ke7 39. b5 Ke6 40. Ke4 f5+ 41. Kd4
Ne5 0-1